Vybrané časti stavebno-technologickej prípravy stavby : Perla Ružinova II. ETAPA

Gespeichert in:
Bibliographische Detailangaben
1. Verfasser: Maxian, Filip (Verfasst von)
Weitere Verfasser: Briatka, Peter (Betreuung Doktorarbeit)
Format: Manuskript Buch
Sprache:Slowakisch
Veröffentlicht: 2015
Schlagworte:
Online-Zugang:http://is.stuba.sk/zp/portal_zp.pl?podrobnosti=109867
https://opac.crzp.sk/?fn=detailBiblioForm&sid=78283B71680DBAF21444DB1D22D4
Tags: Tag hinzufügen
Keine Tags, Fügen Sie das erste Tag hinzu!

MARC

LEADER 00000ntm a22000003a 4500
001 stuzp51844
003 SK-STU
005 20231025144743.0
007 ta
008 150427s2015----xo-----f-mn---000-0-slo-d
040 |a STU  |b slo 
041 0 |a slo 
100 1 |a Maxian, Filip  |u 010270  |4 aut  |U SvF Stavebná fakulta  |T SvF Katedra technológie stavieb  |X 7947  |U V270  |Y 28  |7 A000007947 
242 0 1 |a Selected parts of building-technological preparation of a building: Perla Ružinova IInd stage  |y eng 
245 1 0 |a Vybrané časti stavebno-technologickej prípravy stavby : Perla Ružinova II. ETAPA 
260 |c 2015 
650 4 |a Perla Ružinova  |2 slo 
650 4 |a Zariadenie staveniska  |2 slo 
650 4 |a Trysková injektáž  |2 slo 
650 4 |a Perla Ružinova  |2 eng 
650 4 |a Site accommodation  |2 eng 
650 4 |a Jet grouting  |2 eng 
700 1 |a Briatka, Peter  |4 ths  |X 23787  |7 A000023787 
856 4 |u http://is.stuba.sk/zp/portal_zp.pl?podrobnosti=109867 
856 4 |u https://opac.crzp.sk/?fn=detailBiblioForm&sid=78283B71680DBAF21444DB1D22D4 
SQL |a stuzp51844  |b DDP  |c SLO  |d Vybrané časti stavebno-technologickej prípravy stavby : Perla Ružinova II. ETAPA  |e 7947  |f Maxian, Filip  |g 010270  |h 23787  |i Briatka, Peter  |j 20150617  |k 681  |l 01  |m http://is.stuba.sk/zp/portal_zp.pl?podrobnosti=109867  |n I-TS  |o 5.2.8. stavebníctvo